| 000 | 00551nam a2200169Ia 4500 | ||
|---|---|---|---|
| 003 | IN-BaIIA | ||
| 008 | 211028s9999 xx 000 0 eng d | ||
| 020 | _a0-12-498080-5 | ||
| 040 | _cIIA Library | ||
| 080 |
_a538.3 _bMIL |
||
| 100 |
_aMilonni, Peter W _921026 |
||
| 245 | 4 |
_athe quantum vacuum _ban introduction to quantum electrodynamics _cPeter W Milonni |
|
| 260 |
_aSan Diego _bAcademic Press _c1994 |
||
| 300 | _axvi, 522p. | ||
| 650 |
_aQuantum theory, Quantum electrodynamics _921027 |
||
| 942 | _cBK | ||
| 999 |
_c12080 _d12080 |
||